000 00633nam a2200229Ia 4500
003 OSt
005 20220923212302.0
006 a|||||r|||| 00| 0
007 ta
008 220922b |||||||| |||| 00| 0 hin d
024 _a151,998
037 _cTextual
040 _aARTS
_cARTS
_bhin
041 _2hin
_ahin
082 _a/\2:18, 152K5
100 _aचन्द्रकला
245 0 _aप्रतीक तथा प्रतीकवाद
246 _aPratīk tathā pratīkavāda
260 _c1965
942 _h/\2:18, 152K5
_cTEXL
_2CC
999 _c307671
_d307671